[Event "DVM U14 2013"]
[Site "Magdeburg GER"]
[Date "2013.12.27"]
[Round "1"]
[White "Ramien, David"]
[Black "Böhning, Kilian"]
[Result "1/2-1/2"]
[Termination "normal"]
[Board "1.1"]
[WhiteElo "1808"]
[BlackElo "1924"]
[WhiteTeam "SG Porz"]
[BlackTeam "Hagener SV"]
[WhiteFideId "12948241"]
[BlackFideId "1270499"]
[EventCountry "GER"]
[EventRounds "7"]
[EventType "team-swiss"]
[EventDate "2013.12.26"]

1. e4 c5 2. Nf3 Nc6 3. Nc3 g6 4. d4 cxd4 5. Nxd4 Bg7 6. Be3 Nf6 7. Be2 O-O 8.
f4 d5 9. e5 Ne4 10. Nxe4 dxe4 11. Nxc6 bxc6 12. Bc4 g5 13. g3 Qa5+ 14. c3 Ba6
15. Bxa6 Qxa6 16. Qc2 f5 17. Kf2 Qc4 18. Qb3 Qf7 19. Qxf7+ Kxf7 20. Rhd1 Ke6
21. Ke2 h5 22. Rd2 h4 23. Rg1 1/2-1/2

[Event "DVM U14 2013"]
[Site "Magdeburg GER"]
[Date "2013.12.27"]
[Round "1"]
[White "Balazs, Balint"]
[Black "Yang, Daniel"]
[Result "1-0"]
[Termination "normal"]
[Board "1.2"]
[WhiteElo "1846"]
[BlackElo "1566"]
[WhiteTeam "Hagener SV"]
[BlackTeam "SG Porz"]
[WhiteFideId "12922757"]
[BlackFideId "12946273"]
[EventCountry "GER"]
[EventRounds "7"]
[EventType "team-swiss"]
[EventDate "2013.12.26"]

1. e4 c6 2. d4 d5 3. e5 Bf5 4. Ne2 Nd7 5. Ng3 Bg6 6. h4 h6 7. h5 Bh7 8. e6 fxe6
9. Bd3 Qc7 10. Bxh7 Rxh7 11. Qd3 Ngf6 12. Qg6+ Kd8 13. f4 c5 14. Ne2 Qc6 15. c3
Rc8 16. Nd2 cxd4 17. cxd4 Qc7 18. O-O Nb6 19. Nf3 Nc4 20. Ne5 Nd6 21. Be3 Qc2
22. Qxc2 Rxc2 23. Nc3 Rxb2 24. Rab1 Rxb1 25. Rxb1 Nxh5 26. Nb5 Nxb5 27. Rxb5 b6
28. a4 Nf6 29. a5 Nd7 30. a6 Nxe5 31. dxe5 g5 32. Bxb6+ axb6 33. a7 Ke8 34.
a8=Q+ Kf7 35. f5 exf5 36. e6+ Kxe6 37. Qxd5+ Kf6 38. Qxf5+ Kg7 39. Rxb6 1-0

[Event "DVM U14 2013"]
[Site "Magdeburg GER"]
[Date "2013.12.27"]
[Round "1"]
[White "Kagan, Dennis"]
[Black "Laubrock, Paul"]
[Result "0-1"]
[Termination "normal"]
[Board "1.3"]
[WhiteElo "1571"]
[BlackElo "1751"]
[WhiteTeam "SG Porz"]
[BlackTeam "Hagener SV"]
[WhiteFideId "12983578"]
[BlackFideId "1270509"]
[EventCountry "GER"]
[EventRounds "7"]
[EventType "team-swiss"]
[EventDate "2013.12.26"]

1. e4 c5 2. Nc3 Nc6 3. g3 e6 4. Bg2 g6 5. d3 Bg7 6. Be3 d6 7. Nge2 Nge7 8. O-O
O-O 9. d4 cxd4 10. Nxd4 b6 11. Qd2 Bb7 12. Rad1 Ne5 13. Qe2 Rc8 14. Bc1 a6 15.
f4 N5c6 16. Be3 Qc7 17. Rf2 b5 18. a3 Na5 19. Nb1 Nc4 20. c3 d5 21. e5 Nc6 22.
Bf1 Rfd8 23. Bh3 Bf8 24. Qd3 Nxe3 25. Qxe3 Nxd4 26. cxd4 b4 27. a4 a5 28. b3
Ba6 29. Bf1 Qb6 30. Bxa6 Qxa6 31. Qe2 Qxe2 32. Rxe2 Rc7 33. Kf2 Rdc8 34. Rde1
Bh6 35. h4 Bf8 36. Kf1 Be7 37. Kf2 h6 38. Kf3 Kg7 39. Rh2 Rc1 40. Rxc1 Rxc1 41.
Nd2 Rc3+ 42. Kf2 Rd3 43. Nf3 Rxb3 44. Rh1 Rc3 45. Rb1 Kf8 46. Nd2 Ke8 47. Nb3
Bd8 48. Ke2 Bb6 49. g4 Kd7 50. g5 h5 51. Kf2 Kc7 52. Rc1 Rxc1 53. Nxc1 Bxd4+
54. Ke2 Kc6 55. Nb3 Bb6 56. Kd3 Kd7 57. Ke2 Kc7 58. Kd2 Bf2 59. Nxa5 Bxh4 60.
Ke2 Bg3 61. Kf3 Be1 62. Nb3 Kc6 63. Ke2 Bc3 64. Ke3 d4+ 65. Nxd4+ Bxd4+ 66.
Kxd4 h4 67. Ke3 b3 0-1

[Event "DVM U14 2013"]
[Site "Magdeburg GER"]
[Date "2013.12.27"]
[Round "1"]
[White "Hoppe, Andreas"]
[Black "Schröter, Ron"]
[Result "1/2-1/2"]
[Termination "normal"]
[Board "1.4"]
[WhiteElo "1715"]
[BlackElo "1392"]
[WhiteTeam "Hagener SV"]
[BlackTeam "SG Porz"]
[WhiteFideId "12922811"]
[BlackFideId "12941727"]
[EventCountry "GER"]
[EventRounds "7"]
[EventType "team-swiss"]
[EventDate "2013.12.26"]

1. e4 e5 2. Nf3 Nc6 3. Bc4 Bc5 4. c3 Nf6 5. d3 d6 6. O-O h6 7. Nbd2 O-O 8. h3
Na5 9. Bb5 c6 10. Ba4 b5 11. Bc2 Bb6 12. a4 Nh5 13. Nxe5 Ng3 14. Re1 dxe5 15.
b4 Qh4 16. Qf3 Bg4 17. Qxg4 Bxf2+ 18. Kh2 Qxg4 19. hxg4 Bxe1 20. bxa5 Ne2 21.
Ra3 Nxc1 22. Nf3 Bf2 23. Nxe5 Bc5 24. Ra1 Bd6 25. Rxc1 Bxe5+ 26. Kg1 Bxc3 27.
Bb3 Bd4+ 28. Kf1 bxa4 29. Bxa4 c5 30. Bc6 Rac8 31. Bb7 Rc7 32. a6 f5 33. gxf5
g6 34. g4 h5 35. gxh5 gxf5 36. Ke1 fxe4 37. Bxe4 Rcf7 38. Bd5 Bf2+ 39. Ke2 Re8+
40. Kf1 Be3+ 41. Bxf7+ Kxf7 42. Rb1 Rd8 43. Rb7+ Kf6 44. Ke2 Bg1 45. Rxa7 c4
46. Rb7 cxd3+ 47. Kd2 Bh2 48. a7 Bf4+ 49. Kd1 d2 50. Rb6+ Kg5 51. Ra6 Re8 52.
Ra5+ Kg4 53. Rd5 Re1+ 54. Kc2 Rc1+ 55. Kb2 Be5+ 56. Kb3 Ra1 57. Kc2 Rxa7 58.
Kxd2 1/2-1/2

[Event "DVM U14 2013"]
[Site "Magdeburg GER"]
[Date "2013.12.27"]
[Round "1"]
[White "Grieb, Lukas"]
[Black "Kreutzmann, Duke"]
[Result "1-0"]
[Termination "normal"]
[Board "2.3"]
[WhiteElo "1599"]
[BlackElo "1440"]
[WhiteTeam "SK Gau-Algesheim"]
[BlackTeam "OSC Rheinhausen"]
[WhiteFideId "1271993"]
[BlackFideId "1330055"]
[EventCountry "GER"]
[EventRounds "7"]
[EventType "team-swiss"]
[EventDate "2013.12.26"]

1. e4 e6 2. d4 d5 3. Nc3 dxe4 4. Nxe4 Bd7 5. Nf3 Bc6 6. Bd3 Nd7 7. O-O Ngf6 8.
Re1 Be7 9. Bf4 O-O 10. Nxf6+ Nxf6 11. Ne5 Qd5 12. Nxc6 Qxc6 13. Re3 Rad8 14.
Rh3 Rxd4 15. Bxh7+ Nxh7 16. Qxd4 Rd8 17. Qc3 Qe4 18. Qxc7 Bf6 19. Re3 Qb4 20.
Be5 Bg5 21. Rf1 Nf8 22. Rg3 Rd7 23. Qc3 1-0

[Event "DVM U14 2013"]
[Site "Magdeburg GER"]
[Date "2013.12.27"]
[Round "1"]
[White "Hörle, Joshua Stanley"]
[Black "Erlekam, Simon"]
[Result "0-1"]
[Termination "normal"]
[Board "2.4"]
[WhiteElo "1361"]
[BlackElo "1791"]
[WhiteTeam "OSC Rheinhausen"]
[BlackTeam "SK Gau-Algesheim"]
[WhiteFideId "12983594"]
[BlackFideId "12921416"]
[EventCountry "GER"]
[EventRounds "7"]
[EventType "team-swiss"]
[EventDate "2013.12.26"]

1. c4 e5 2. Nc3 Nf6 3. g3 Nc6 4. Bg2 Bc5 5. e3 d6 6. Nge2 O-O 7. O-O Bf5 8. d4
exd4 9. exd4 Bb6 10. d5 Ne5 11. b3 Nfd7 12. Be4 Bxe4 13. Nxe4 h6 14. Bb2 Qe7
15. N2c3 f5 16. Nd2 {nicht nachvollziehbar} 0-1

[Event "DVM U14 2013"]
[Site "Magdeburg GER"]
[Date "2013.12.27"]
[Round "1"]
[White "Engel, Johann"]
[Black "Bergauz, Noam"]
[Result "0-1"]
[Termination "normal"]
[Board "3.1"]
[WhiteElo "1769"]
[BlackElo "1972"]
[WhiteTeam "Brühler SK 1920"]
[BlackTeam "SK München Südost"]
[WhiteFideId "12920509"]
[BlackFideId "12938033"]
[EventCountry "GER"]
[EventRounds "7"]
[EventType "team-swiss"]
[EventDate "2013.12.26"]

1. d4 Nf6 2. Nf3 g6 3. Nc3 Bg7 4. e4 d6 5. Bc4 O-O 6. O-O Nc6 7. Re1 Bg4 8. Be2
Nd7 9. Be3 e5 10. dxe5 Ncxe5 11. Nd4 Bxe2 12. Qxe2 Nb6 13. Rab1 Qd7 14. Red1 a6
15. Nb3 Na4 16. Bd4 Nxc3 17. Bxc3 Rfe8 18. f4 Qg4 19. Qxg4 Nxg4 20. Bxg7 Kxg7
21. Re1 Re7 22. Na5 Rae8 23. h3 Nf6 24. Nxb7 Rxe4 25. Rxe4 Rxe4 26. g3 Re2 27.
c4 Ne4 28. c5 dxc5 29. g4 c4 30. Nd8 Nd2 31. Rc1 Nf3+ 32. Kf1 Rxb2 33. a3 a5
34. Nc6 a4 35. Na5 Nd2+ 36. Ke1 Nf3+ 37. Kf1 Nd2+ 38. Ke1 Ra2 39. Rc3 Nb1 40.
Rxc4 Rxa3 41. Rxc7 Rxh3 42. Ra7 a3 43. Nc4 a2 44. Kf2 Na3 0-1

[Event "DVM U14 2013"]
[Site "Magdeburg GER"]
[Date "2013.12.27"]
[Round "1"]
[White "Leeb, Simon"]
[Black "Niesel, Tobias"]
[Result "1-0"]
[Termination "normal"]
[Board "3.2"]
[WhiteElo "1789"]
[BlackElo "1688"]
[WhiteTeam "SK München Südost"]
[BlackTeam "Brühler SK 1920"]
[WhiteFideId "12924768"]
[BlackFideId "12962155"]
[EventCountry "GER"]
[EventRounds "7"]
[EventType "team-swiss"]
[EventDate "2013.12.26"]

1. d4 Nf6 2. c4 c5 3. d5 b5 4. cxb5 a6 5. f3 d6 6. e4 g6 7. Bd2 Nbd7 8. Bc3 h5
9. Na3 Bh6 10. Bd3 g5 11. Ne2 h4 12. Qc2 Rg8 13. Qd2 axb5 14. Bxb5 Rg6 15. g4
Kf8 16. Bc6 Ra7 17. h3 Ba6 18. Nb5 Bxb5 19. Bxb5 Qb6 20. Bd3 Ne5 21. O-O Nxd3
22. Qxd3 Bg7 23. Kg2 Nd7 24. f4 Qa6 25. Qe3 Bh6 26. fxg5 Bxg5 27. Nf4 Ke8 28.
Qf3 Bxf4 29. Qxf4 Nf6 30. Qe3 Nd7 31. Rf2 f6 32. Qf4 Qc4 33. Rc1 Ra4 34. Bxf6
Qxe4+ 35. Qxe4 Rxe4 36. Bxh4 Nb6 37. Rd1 Nc4 38. Rd3 Ne5 39. Ra3 Kd7 40. Ra7+
Ke8 41. Rxe7+ 1-0

[Event "DVM U14 2013"]
[Site "Magdeburg GER"]
[Date "2013.12.27"]
[Round "1"]
[White "Thierkopf, Constantin"]
[Black "Bergauz, Igal"]
[Result "0-1"]
[Termination "normal"]
[Board "3.3"]
[WhiteElo "1392"]
[BlackElo "1665"]
[WhiteTeam "Brühler SK 1920"]
[BlackTeam "SK München Südost"]
[WhiteFideId "12983608"]
[BlackFideId "12977284"]
[EventCountry "GER"]
[EventRounds "7"]
[EventType "team-swiss"]
[EventDate "2013.12.26"]

1. e4 c6 2. d4 d5 3. exd5 cxd5 4. Nf3 Nc6 5. Nc3 Nf6 6. Bb5 Bd7 7. O-O g6 8.
Re1 Bg7 9. Ne5 O-O 10. f3 Rc8 11. Bf4 e6 12. Bxc6 Bxc6 13. Qd2 Qb6 14. Rab1 Nd7
15. Nxc6 bxc6 16. Be3 f5 17. Ne2 Rce8 18. b3 Rf7 19. c4 Nf6 20. c5 Qb7 21. Bf4
Nd7 22. b4 e5 23. dxe5 Nxe5 24. Nd4 Rfe7 25. Bxe5 Rxe5 26. Rxe5 Rxe5 27. b5 Bf8
28. Nxc6 Bxc5+ 29. Kf1 Be3 30. Qd3 Qc7 31. Nxe5 Qxe5 32. Rd1 d4 33. Qc4+ Kg7
34. g3 h5 35. Qd3 h4 36. Kg2 Qd5 37. Qb3 h3+ 38. Kxh3 Qxf3 39. Qd3 g5 40. a4
g4+ 41. Kh4 Qf2 42. h3 Kg6 0-1

[Event "DVM U14 2013"]
[Site "Magdeburg GER"]
[Date "2013.12.27"]
[Round "1"]
[White "Huber, Benedikt"]
[Black "Yeritsyan, Artur"]
[Result "0-1"]
[Termination "normal"]
[Board "3.4"]
[WhiteElo "1696"]
[BlackElo "1406"]
[WhiteTeam "SK München Südost"]
[BlackTeam "Brühler SK 1920"]
[WhiteFideId "12923583"]
[BlackFideId "12983616"]
[EventCountry "GER"]
[EventRounds "7"]
[EventType "team-swiss"]
[EventDate "2013.12.26"]

1. d4 d5 2. Bf4 Bf5 3. c4 e6 4. Nc3 Nf6 5. e3 Be7 6. Qb3 b6 7. cxd5 Nxd5 8.
Bb5+ Nd7 9. Nxd5 exd5 10. Qxd5 Bb4+ 11. Ke2 Be6 12. Bxd7+ Bxd7 13. Nf3 O-O 14.
Qc4 c5 15. Rhd1 a6 16. a4 b5 17. Qc2 bxa4 18. Ne5 Bb5+ 19. Nc4 Qd5 20. Rac1
Rfc8 21. f3 cxd4 22. Rxd4 Rxc4 23. Rxc4 Rc8 24. Kf2 Rxc4 25. Qd1 Rxc1 26. Qxd5
Be1+ 0-1

[Event "DVM U14 2013"]
[Site "Magdeburg GER"]
[Date "2013.12.27"]
[Round "1"]
[White "Hartge, Gedeon"]
[Black "Renger, Niklas"]
[Result "1/2-1/2"]
[Termination "normal"]
[Board "4.1"]
[WhiteElo "1808"]
[BlackElo "1727"]
[WhiteTeam "USV Volksbank Halle"]
[BlackTeam "SG Grün-Weiß Dresden"]
[WhiteFideId "12932116"]
[BlackFideId "12908096"]
[EventCountry "GER"]
[EventRounds "7"]
[EventType "team-swiss"]
[EventDate "2013.12.26"]

1. d4 Nf6 2. c4 c5 3. d5 b5 4. cxb5 a6 5. bxa6 Bxa6 6. Nc3 d6 7. e4 Bxf1 8.
Kxf1 g6 9. g3 Bg7 10. Kg2 Nbd7 11. Nf3 O-O 12. h3 Qb6 13. Qe2 Rfb8 14. Re1 Qb7
15. a4 Ne8 16. Ra2 Qb4 17. Bd2 Qb3 18. Rea1 Nb6 19. Bg5 Nc4 20. Nd2 Nxd2 21.
Qxd2 Rb7 22. Qd1 Qb4 23. Qc2 Qc4 24. Qd2 Bxc3 25. bxc3 Qxe4+ 26. Kh2 Qf5 27. g4
Qe5+ 28. Bf4 Qf6 29. Qe3 Rb3 30. Ra3 Rxa3 31. Rxa3 Ra7 32. Bg5 Qe5+ 33. Qxe5
dxe5 34. Be3 Ra5 35. Rb3 Kg7 36. Rb7 Nf6 37. Rxe7 Nxd5 38. Rxe5 Nxe3 39. fxe3
Rxa4 40. Rxc5 Re4 41. Rc7 1/2-1/2

[Event "DVM U14 2013"]
[Site "Magdeburg GER"]
[Date "2013.12.27"]
[Round "1"]
[White "Sack, Carl-Anton"]
[Black "Schulte, Felix"]
[Result "0-1"]
[Termination "normal"]
[Board "4.2"]
[WhiteElo "1553"]
[BlackElo "1810"]
[WhiteTeam "SG Grün-Weiß Dresden"]
[BlackTeam "USV Volksbank Halle"]
[WhiteFideId "1270309"]
[BlackFideId "12914800"]
[EventCountry "GER"]
[EventRounds "7"]
[EventType "team-swiss"]
[EventDate "2013.12.26"]

1. e4 c6 2. d4 g6 3. Nc3 d5 4. e5 h5 5. f4 Nh6 6. Nf3 Bg4 7. h3 Bxf3 8. Qxf3
Nf5 9. Be3 Nxe3 10. Qxe3 c5 11. O-O-O cxd4 12. Qxd4 e6 13. Bb5+ Nc6 14. Bxc6+
bxc6 15. g4 Qb6 16. Qxb6 axb6 17. a3 Bc5 18. Kd2 Kd7 19. Rdf1 Rac8 20. Na4 Kc7
21. Nxc5 bxc5 22. b3 Ra8 23. a4 Rae8 24. Ke3 Rh7 25. Kf3 Reh8 26. h4 Kb6 27.
gxh5 Rxh5 28. Kg4 Rf8 29. Rfg1 Ka5 30. Kf3 Kb4 31. Ke2 Rf5 32. Rg4 c4 33. Rh3
Rg8 34. Kd2 Rh8 35. Kc1 c3 36. Kd1 d4 37. Ke2 Rh6 38. Kd3 c5 39. Ke4 f6 40.
exf6 Rxf6 41. Ke5 Rf8 42. Kxe6 Re8+ 43. Kf6 Re2 44. Rxg6 Rxg6+ 45. Kxg6 Rxc2
46. h5 Rg2+ 47. Kf7 c2 48. Rh1 d3 49. h6 Rh2 50. Rxh2 c1=Q 51. Rh4 Qe1 52. Rh5
Qd1 53. Rh4 Qxb3+ 54. Kg7 d2 55. h7 Qg3+ 0-1

[Event "DVM U14 2013"]
[Site "Magdeburg GER"]
[Date "2013.12.27"]
[Round "1"]
[White "Kretzschmar, Arnd"]
[Black "Schuler, Max"]
[Result "1/2-1/2"]
[Termination "normal"]
[Board "4.3"]
[WhiteElo "1847"]
[BlackElo "1426"]
[WhiteTeam "USV Volksbank Halle"]
[BlackTeam "SG Grün-Weiß Dresden"]
[WhiteFideId "12914835"]
[BlackFideId "12964913"]
[EventCountry "GER"]
[EventRounds "7"]
[EventType "team-swiss"]
[EventDate "2013.12.26"]

1. d4 d5 2. c4 e6 3. Nc3 Nf6 4. Bg5 Nbd7 5. e3 c6 6. cxd5 exd5 7. Bd3 Be7 8.
Qc2 O-O 9. Nf3 Re8 10. h3 Bb4 11. Bxh7+ Kf8 12. Bd3 Qa5 13. Bf4 Ne4 14. Bxe4
dxe4 15. Nd2 f5 16. O-O Nf6 17. Nc4 Qd8 18. Ne5 Bd6 19. Ne2 Nd5 20. Ng6+ Kf7
21. Bxd6 Qxd6 22. Ne5+ Kg8 23. Qb3 Re7 24. Nf4 Be6 25. Nxe6 Qxe6 26. f3 Qh6 27.
Rae1 Rf8 28. fxe4 fxe4 29. Ng4 Qg5 30. Rxf8+ Kxf8 31. Rf1+ Ke8 32. Kf2 Qh4+ 33.
Ke2 Qg3 34. Rf2 Qc7 35. a3 Qa5 36. Ne5 Qa6+ 37. Qc4 Qb6 38. b3 Qa5 39. Ng6 Rc7
40. Rf8+ Kd7 41. Rf7+ Ke8 42. Rxc7 Qxc7 43. Ne5 Qe7 44. Qc5 Qg5 45. Ng4 a6 46.
Qd6 Qe7 47. Qxe7+ Kxe7 48. Kd2 Ke6 49. Nf2 Nf6 50. g4 Kd5 51. Kc3 Ne8 52. h4
Nd6 53. a4 b5 54. axb5 axb5 55. Nh3 Nf7 56. Nf4+ Kd6 57. g5 Nd8 58. Kb4 Nb7 59.
Nh5 g6 60. Nf6 c5+ 61. dxc5+ Nxc5 62. Kxb5 Nxb3 63. Nxe4+ Ke5 64. Nf6 Nd2 65.
Ng8 Nf3 66. Ne7 Nxh4 67. Kc5 Ke6 68. Nxg6 Nxg6 69. e4 Ke5 70. Kc4 Kxe4 71. Kc5
Kf5 72. Kc4 Kxg5 1/2-1/2

[Event "DVM U14 2013"]
[Site "Magdeburg GER"]
[Date "2013.12.27"]
[Round "1"]
[White "Michel, Richard"]
[Black "Perekhozhuk, Maksym"]
[Result "0-1"]
[Termination "normal"]
[Board "4.4"]
[WhiteElo "1608"]
[BlackElo "1731"]
[WhiteTeam "SG Grün-Weiß Dresden"]
[BlackTeam "USV Volksbank Halle"]
[WhiteFideId "1270310"]
[BlackFideId "12914860"]
[EventCountry "GER"]
[EventRounds "7"]
[EventType "team-swiss"]
[EventDate "2013.12.26"]

1. e4 c5 2. Nf3 d6 3. d4 cxd4 4. Nxd4 Nf6 5. Nc3 g6 6. Be3 Bg7 7. f3 O-O 8. Bc4
Nc6 9. Qd2 Bd7 10. Bb3 Rc8 11. O-O-O Nxd4 12. Bxd4 b5 13. g4 a5 14. a3 b4 15.
axb4 axb4 16. Nb1 Qa5 17. h4 Ba4 18. Bxa4 Qxa4 19. h5 Bh6 20. b3 Qxb3 0-1

[Event "DVM U14 2013"]
[Site "Magdeburg GER"]
[Date "2013.12.27"]
[Round "1"]
[White "Schaefer, Matthes"]
[Black "Reimers, Juri"]
[Result "0-1"]
[Termination "normal"]
[Board "5.1"]
[WhiteElo "1537"]
[BlackElo "1777"]
[WhiteTeam "BSG Grün-Weiß Leipzig"]
[BlackTeam "SK Bremen-Nord"]
[WhiteFideId "12946117"]
[BlackFideId "24661511"]
[EventCountry "GER"]
[EventRounds "7"]
[EventType "team-swiss"]
[EventDate "2013.12.26"]

1. e4 g6 2. d4 Bg7 3. Nf3 c5 4. c3 cxd4 5. cxd4 d5 6. e5 Nc6 7. Bb5 Bg4 8. Be3
Rc8 9. Nc3 Bxf3 10. Qxf3 e6 11. O-O Nh6 12. Bxh6 Bxh6 13. Rfd1 O-O 14. a3 Ne7
15. Ne2 a6 16. Ba4 b5 17. Bb3 Nc6 18. Ba2 Na5 19. b4 Nc4 20. Nf4 Qb6 21. Rab1
Bxf4 22. Qxf4 Nxa3 23. Rb3 Nc2 24. Qh6 Qa7 25. Bb1 f5 26. Bxc2 Rxc2 27. Qe3 Rc4
28. h3 f4 29. Qd3 Qe7 30. Qd2 Qh4 31. Rf3 g5 32. Ra1 Rc6 33. Kf1 Rfc8 34. Rd1
Qh5 35. Kg1 Rc2 36. Qe1 R8c7 37. Kf1 Qh6 38. Kg1 Qg6 39. Ra3 R7c6 40. Raa1 g4
41. hxg4 Qxg4 42. Ra3 Re2 43. Qf1 Rb2 44. Rc1 Rc4 45. Rxc4 bxc4 46. Rxa6 Rxb4
47. Qa1 f3 0-1

[Event "DVM U14 2013"]
[Site "Magdeburg GER"]
[Date "2013.12.27"]
[Round "1"]
[White "Reimers, Kim"]
[Black "Caprita, Victor"]
[Result "1/2-1/2"]
[Termination "normal"]
[Board "5.2"]
[WhiteElo "1645"]
[BlackElo "1658"]
[WhiteTeam "SK Bremen-Nord"]
[BlackTeam "BSG Grün-Weiß Leipzig"]
[WhiteFideId "12930377"]
[BlackFideId "12946125"]
[EventCountry "GER"]
[EventRounds "7"]
[EventType "team-swiss"]
[EventDate "2013.12.26"]

1. e4 e6 2. d4 d5 3. exd5 exd5 4. Bd3 Bd6 5. Ne2 Nf6 6. O-O O-O 7. Bf4 Bg4 8.
f3 Bh5 9. Re1 Re8 10. Bxd6 Qxd6 11. Ng3 Rxe1+ 12. Qxe1 Bg6 13. Bxg6 hxg6 14.
Qf2 Nbd7 15. Nd2 Re8 16. Re1 Rxe1+ 17. Qxe1 Qb4 18. Ne2 Qxb2 19. Qb1 Qxb1+ 20.
Nxb1 b6 21. Kf2 c5 22. c3 Kf8 23. Ke3 Ke7 24. g3 Kd6 25. Kd3 g5 26. h3 Nb8 27.
a3 Nc6 28. Nd2 a5 29. g4 c4+ 30. Kc2 b5 31. Nb1 b4 32. Kb2 b3 33. Kc1 a4 34.
Kd2 Na7 35. Ng3 g6 36. Ke2 Nb5 37. Kd2 Ke6 38. Ne2 Nd7 39. Ng3 f5 40. Ne2 fxg4
41. hxg4 Nf8 42. Ke3 Kf6 43. Kf2 Ne6 44. Kg3 Kf7 45. Kh3 Ke7 46. Kg3 Kf7 47.
Kf2 Nf4 48. Nc1 Ke6 49. Kg3 b2 50. Na2 Kd6 51. Kf2 Nd3+ 52. Ke3 Ne1 53. Nb4
Ng2+ 54. Kf2 Nf4 55. Ke3 Nc7 56. Kf2 Nce6 57. Kf1 Nh3 58. Ke2 Nef4+ 59. Ke3 Ng1
60. Nd2 Nge2 61. Nb1 Ke6 62. Na6 Nc1 63. Nc5+ Kd6 64. Nxa4 Ncd3 65. Kd2 Ng2 66.
Nc5 Nxc5 67. dxc5+ Kxc5 68. Kc2 Ne1+ 69. Kxb2 Nxf3 70. a4 Ne5 71. Nd2 Nxg4 72.
Nf3 Nf2 73. Nxg5 Nd3+ 74. Kc2 Kb6 75. Nh7 Ka5 76. Nf6 Nf4 77. Kd2 Kxa4 78. Ke3
g5 79. Nh7 Ne6 80. Nf6 Nc7 81. Kd4 Kb3 82. Ng4 Nb5+ 83. Kxd5 Nxc3+ 84. Ke5 Nd1
85. Nh2 c3 86. Nf3 g4 87. Nd4+ Kb2 88. Kf4 g3 89. Kxg3 Ne3 90. Kf4 Nc2 91. Ne2
1/2-1/2

[Event "DVM U14 2013"]
[Site "Magdeburg GER"]
[Date "2013.12.27"]
[Round "1"]
[White "Kahl, Marvin"]
[Black "Herdzik, Matthias"]
[Result "1-0"]
[Termination "normal"]
[Board "5.3"]
[WhiteElo "1387"]
[BlackElo "1552"]
[WhiteTeam "BSG Grün-Weiß Leipzig"]
[BlackTeam "SK Bremen-Nord"]
[WhiteFideId "12983624"]
[BlackFideId "12983241"]
[EventCountry "GER"]
[EventRounds "7"]
[EventType "team-swiss"]
[EventDate "2013.12.26"]

1. e4 c5 2. Nf3 d6 3. d4 cxd4 4. Nxd4 Nf6 5. Nc3 a6 6. Bc4 e6 7. O-O Be7 8. Be3
O-O 9. f4 Qc7 10. Bd3 Nbd7 11. f5 e5 12. Nf3 b5 13. Qe1 Bb7 14. Qg3 Kh8 15. Bg5
b4 16. Bxf6 Nxf6 17. Ne2 Bxe4 18. Bxe4 Nxe4 19. Qg4 Qc5+ 20. Kh1 Nf2+ 21. Rxf2
Qxf2 22. Ng3 Qxc2 23. Nh5 g6 24. f6 gxh5 25. Qg7# 1-0

[Event "DVM U14 2013"]
[Site "Magdeburg GER"]
[Date "2013.12.27"]
[Round "1"]
[White "Schmidt, Bjarne"]
[Black "Jahn, Felix"]
[Result "1-0"]
[Termination "normal"]
[Board "5.4"]
[WhiteElo "1394"]
[BlackElo "1384"]
[WhiteTeam "SK Bremen-Nord"]
[BlackTeam "BSG Grün-Weiß Leipzig"]
[WhiteFideId "12965774"]
[BlackFideId "12983632"]
[EventCountry "GER"]
[EventRounds "7"]
[EventType "team-swiss"]
[EventDate "2013.12.26"]

1. e4 e6 2. d4 d5 3. exd5 exd5 4. Bd3 Nc6 5. c3 Bd6 6. Ne2 Nge7 7. Qc2 Ng6 8.
Nd2 O-O 9. h4 Re8 10. Nf3 Bg4 11. h5 Nf4 12. Bxf4 Bxf4 13. Bxh7+ Kf8 14. Kf1
Bh6 15. Qd3 Qf6 16. Ng3 Bxf3 17. gxf3 Be3 18. Bf5 Bh6 19. Bg4 Kg8 20. Rb1 Kh8
21. Qb5 Bf4 22. Qxd5 Bxg3 23. fxg3 Re3 24. Kf2 Rd8 25. Qf5 Qh6 26. Rhe1 Rde8
27. f4 g6 28. Qf6+ Kg8 29. Rxe3 Rxe3 30. Kxe3 Qh7 31. hxg6 fxg6 32. Be6+ 1-0

[Event "DVM U14 2013"]
[Site "Magdeburg GER"]
[Date "2013.12.27"]
[Round "1"]
[White "Kololli, Kevin"]
[Black "Kuhn, Magnus"]
[Result "1-0"]
[Termination "normal"]
[Board "6.1"]
[WhiteElo "1987"]
[BlackElo "1653"]
[WhiteTeam "Lübecker SV"]
[BlackTeam "SV Stuttgart-Wolfbusch"]
[WhiteFideId "12936863"]
[BlackFideId "12926345"]
[EventCountry "GER"]
[EventRounds "7"]
[EventType "team-swiss"]
[EventDate "2013.12.26"]

1. e4 e5 2. Nf3 Nc6 3. Bc4 Bc5 4. b4 Bxb4 5. c3 Ba5 6. d4 exd4 7. O-O Nge7 8.
cxd4 d5 9. exd5 Nxd5 10. Qb3 Be6 11. Qxb7 Ndb4 12. Bb5 Bd7 13. Ba3 Rb8 14. Re1+
Kf8 15. Qa6 Rb6 16. Qxa5 Nxa5 17. Bxb4+ Kg8 18. Bxd7 Rxb4 19. Re8+ Qxe8 20.
Bxe8 Kf8 21. Bd7 Ke7 22. Bf5 g6 23. Bd3 Rd8 24. Nc3 c5 25. Re1+ Kf6 26. Ne4+
Kg7 27. Nxc5 Nc6 28. Nb3 a5 29. Be4 a4 30. Bxc6 axb3 31. axb3 Rxb3 32. d5 Kf6
33. h3 Rb2 34. Ne5 Rc2 35. Nd7+ Kg7 36. g4 h5 37. g5 Rc3 38. Kg2 Rc4 39. Nf6
Rf4 40. Kg3 Rc4 41. h4 Rb8 42. f3 Rc2 43. Re7 Rc8 44. Be8 R2c7 45. d6 Rxe7 46.
dxe7 Rc7 47. Bd7 1-0

[Event "DVM U14 2013"]
[Site "Magdeburg GER"]
[Date "2013.12.27"]
[Round "1"]
[White "Dallinger, Moritz"]
[Black "Rieß, Alexander"]
[Result "1/2-1/2"]
[Termination "normal"]
[Board "6.2"]
[WhiteElo "1528"]
[BlackElo "1776"]
[WhiteTeam "SV Stuttgart-Wolfbusch"]
[BlackTeam "Lübecker SV"]
[WhiteFideId "12910864"]
[BlackFideId "12953326"]
[EventCountry "GER"]
[EventRounds "7"]
[EventType "team-swiss"]
[EventDate "2013.12.26"]

1. e4 c6 2. Nf3 g6 3. d4 Bg7 4. Bc4 d5 5. exd5 cxd5 6. Bb5+ Bd7 7. Bxd7+ Qxd7
8. O-O Nc6 9. c3 e6 10. Re1 Nge7 11. Bf4 O-O 12. Nbd2 Nf5 13. Ne5 Nxe5 14. Bxe5
f6 15. Bf4 Rae8 16. Nf3 g5 17. Bg3 h5 18. h3 g4 19. Nh4 Nxg3 20. fxg3 e5 21.
dxe5 fxe5 22. hxg4 hxg4 23. Qb3 Rd8 24. Rad1 Rf7 25. Ng6 Qf5 26. Nh4 Qf2+ 27.
Kh2 Qc5 28. Qb4 Qxb4 29. cxb4 Rdd7 30. Ng6 e4 31. Nf4 d4 32. Rxe4 Rfe7 33. Re6
Kf7 34. Rxe7+ Kxe7 35. Nd3 b6 36. Nf2 Ke6 37. Nxg4 d3 38. Rd2 Kf5 39. Nf2 Bh6
40. Rxd3 Rxd3 41. Nxd3 Ke4 42. Nf4 Kd4 43. a4 Kc4 44. a5 Kxb4 45. axb6 axb6 46.
Kg1 Kb3 47. Nd5 b5 48. Nc7 b4 49. Na6 Bg7 50. Kf2 Bxb2 51. Nxb4 Kxb4 52. Kf3
Kc5 53. Ke4 Kd6 54. Kf5 Ke7 55. Kg6 Kf8 56. g4 Kg8 1/2-1/2